Statistics for All Nintendo Amiibo

Click here to take the quiz!

General Stats

  • This quiz has been taken 37 times
  • The average score is 112 of 169

Answer Stats

SeriesOriginRelease DateAmiibo% Correct
Super MarioSuper Mario10-07-2016Donkey Kong
100%
SSBDonkey Kong11-21-2014Donkey Kong
100%
SSBStar Fox11-21-2014Fox
100%
KirbyKirby06-10-2016Kirby
100%
SSBKirby11-21-2014Kirby
100%
SSBThe Legend Of Zelda11-21-2014Link
100%
The Legend Of ZeldaThe Legend Of Zelda03-03-2017Link (Archer)
100%
The Legend Of Zelda. 30 AnniversaryThe Legend Of Zelda12-02-2016Link (Ocarina of Time)
100%
The Legend Of ZeldaThe Legend Of Zelda03-03-2017Link (Rider)
100%
The Legend Of Zelda. 30 AnniversaryThe Legend Of Zelda12-02-2016Link (The Legend Of Zelda)
100%
Super MarioSuper Mario03-20-2015Mario
100%
SSBSuper Mario11-21-2014Mario
100%
Super MarioSuper Mario10-27-2017Mario (Wedding Outfit)
100%
SSBMega Man02-01-2015Mega Man
100%
Super MarioSuper Mario03-20-2015Peach
100%
SSBSuper Mario11-21-2014Peach
100%
Super MarioSuper Mario10-27-2017Peach (Wedding Outfit)
100%
SSBPokemon11-21-2014Pikachu
100%
SSBMetroid11-21-2014Samus
100%
MetroidMetroid09-15-2017Samus Aran
100%
SSBWii Fit11-21-2014Wii Fit Trainer
100%
SSBYoshi11-21-2014Yoshi
100%
Super MarioSuper Mario03-20-2015Yoshi
100%
SSBThe Legend Of Zelda12-06-2014Zelda
100%
The Legend Of ZeldaThe Legend Of Zelda03-03-2017Zelda
100%
The Legend Of Zelda. 30 AnniversaryThe Legend Of Zelda12-02-2016Zelda (Wind Waker)
100%
SSBSuper Mario01-22-2015Bowser
95%
Super MarioSuper Mario03-20-2015Bowser
95%
Super MarioSuper Mario10-27-2017Bowser (Wedding Outfit)
95%
SSBSuper Mario04-12-2019Daisy
95%
Super MarioSuper Mario11-04-2016Daisy
95%
SSBSplatoon12-07-2018Inkling
95%
SSBStreet Fighter04-12-2019Ken
95%
Super MarioSuper Mario03-20-2015Luigi
95%
SSBSuper Mario12-06-2014Luigi
95%
KirbyKirby06-10-2016Meta Knight
95%
SSBKirby01-22-2015Meta Knight
95%
SSBKid Icarus12-06-2014Pit
95%
SSBXenoblade Chronicles02-01-2015Shulk
95%
SSBSonic02-20-2015Sonic
95%
SSBWario04-24-2015Wario
95%
Super MarioSuper Mario10-07-2016Wario
95%
SSBSuper Mario07-30-2015Bowser Jr
91%
SSBKirby01-22-2015King Dedede
91%
KirbyKirby06-10-2016King Dedede
91%
SSBPunch Out!!12-06-2014Little Mac
91%
SSBEarthbound12-17-2015Lucas
91%
SSBFire Emblem11-21-2014Marth
91%
SSBAnimal Crossing11-21-2014Villager
91%
SSBF-Zero12-06-2014Captain Falcon
86%
SSBKid Icarus06-11-2015Dark Pit
86%
SSBDr. Mario07-30-2015Dr. Mario
86%
SSBThe Legend Of Zelda06-11-2015Ganondorf
86%
SSBFire Emblem01-22-2015Ike
86%
SSBFire Emblem04-24-2015Lucina
86%
SSBPokemon10-23-2015Mewtwo
86%
SSBPac Man04-24-2015Pac Man
86%
SSBPikmin07-30-2015Pikmin & Olimar
86%
SSBMetroid12-07-2018Ridley
86%
SSBFire Emblem03-18-2016Roy
86%
SSBThe Legend Of Zelda01-22-2015Toon Link
86%
The Legend Of Zelda. 30 AnniversaryThe Legend Of Zelda12-02-2016Toon Link (Wind Waker)
86%
SSBStar Fox12-07-2018Wolf
86%
SSBBayonetta07-21-2017Bayonetta
82%
SSBBayonetta07-21-2017Bayonetta (Player 2)
82%
SSBPokemon04-24-2015Charizard
82%
SSBFinal Fantasy07-21-2017Cloud
82%
SSB (Gamestop Exclusive)Final Fantasy07-21-2017Cloud (Player 2)
82%
Super MarioSuper Mario11-04-2016Diddy Kong
82%
SSBDuck Hunt09-25-2015Duck Hunt
82%
SSBStar Fox11-20-2015Falco
82%
SSBPokemon05-28-2015Greninja
82%
SSBEarthbound04-24-2015Ness
82%
SSBGyromite09-25-2015R.O.B
82%
SSBGyromite10-29-2015R.O.B (Famicom)
82%
Super MarioSuper Mario10-07-2016Rosalina
82%
SSBIce Climber02-15-2019Ice Climbers
77%
SSBPokemon01-22-2015Lucario
77%
SSBWii09-25-2015Mii Brawler
77%
SSBWii09-25-2015Mii Gunner
77%
SSBWii09-25-2015Mii Swordfighter
77%
SSBGame and Watch09-25-2015Mr. Game and Watch
77%
SSBKid Icarus06-11-2015Palutena
77%
SSBStreet Fighter03-18-2016Ryu
77%
SSBThe Legend Of Zelda04-12-2019Young Link
77%
SSBFire Emblem07-21-2017Corrin
73%
SSB (Amazon Exclusive)Fire Emblem07-21-2017Corrin (Player 2)
73%
Super MarioSuper Mario10-06-2017Goomba
73%
Animal CrossingAnimal Crossing11-20-2015Isabelle
73%
Animal CrossingAnimal Crossing03-18-2016Isabelle (Summer Outfit)
73%
SSBPokemon05-28-2015Jigglypuff
73%
Shovel KnightShovel Knight01-08-2016Shovel Knight
73%
Super MarioSuper Mario11-04-2016Waluigi
73%
Super MarioSuper Mario10-06-2017Koopa Troopa
68%
SSBFire Emblem04-24-2015Robin
68%
Other SeriesChibi-Robo10-08-2015Chibi-Robo
64%
Fire EmblemFire EmblemUnknownChrom
64%
Other SeriesPikminUnknownPikmin
64%
SSBThe Legend Of Zelda01-22-2015Shiek
64%
Super MarioSuper Mario03-20-2015Toad
64%
SSBMetroid06-11-2015Zero Suit Samus
64%
Splatoon 2Splatoon07-21-2017Inkling Boy
59%
SplatoonSplatoon05-28-2015Inkling Boy
59%
Splatoon 2Splatoon07-21-2017Inkling Girl
59%
SplatoonSplatoon05-28-2015Inkling Girl
59%
Splatoon 2Splatoon07-21-2017Marina
59%
SSBSuper Mario02-15-2019Piranha Plant
59%
Splatoon 2Splatoon07-21-2017Pearl
55%
SSBPokemonTBAPichu
55%
Animal CrossingAnimal Crossing11-20-2015Tom Nook
55%
Super MarioSuper Mario10-07-2016Boo
50%
SplatoonSplatoon07-08-2016Callie
50%
The Legend Of ZeldaThe Legend Of Zelda11-10-2017Daruk
50%
SplatoonSplatoon05-28-2015Inkling Squid
50%
Splatoon 2Splatoon07-21-2017Inkling Squid
50%
SplatoonSplatoon07-08-2016Marie
50%
The Legend Of ZeldaThe Legend Of Zelda11-10-2017Mipha
50%
The Legend Of ZeldaThe Legend Of Zelda11-10-2017Revali
50%
The Legend Of ZeldaThe Legend Of Zelda11-10-2017Urbosa
50%
The Legend Of ZeldaThe Legend Of Zelda03-03-2017Guardian
45%
Shovel KnightShovel Knight04-09-2019Plague Knight
45%
Shovel KnightShovel Knight04-09-2019Specter Knight
45%
KirbyKirby06-10-2016Waddle Dee
45%
Shovel KnightShovel Knight04-09-2019King Knight
41%
SSB (BUNDLE)Mega Man02-23-2016Mega Man Gold Edition
41%
MetroidMetroid09-15-2017Metroid
41%
Splatoon 2Splatoon12-07-2018Octoling Boy
41%
Splatoon 2Splatoon12-07-2018Octoling Girl
41%
Animal CrossingAnimal Crossing11-20-2015Reese
41%
The Legend Of ZeldaThe Legend Of Zelda03-04-2016Wolf Link
41%
The Legend Of ZeldaThe Legend Of Zelda03-03-2017Bokoblin
36%
Yoshi's Wooly WorldYoshi06-26-2015Green Yarn Yoshi
36%
Yoshi's Wooly WorldYoshi06-26-2015Pink Yarn Yoshi
36%
Animal CrossingAnimal Crossing12-17-2015Resetti
36%
Animal CrossingAnimal Crossing12-17-2015Celeste
32%
Animal CrossingAnimal Crossing11-20-2015Cyrus
32%
Animal CrossingAnimal Crossing11-20-2015K.K Slider
32%
Yoshi's Wooly WorldYoshi06-26-2015Light Blue Yarn Yoshi
32%
Splatoon 2Splatoon12-07-2018Octoling Octopus
32%
SBBSuper Mario01-22-2015Rosalina & Luma
32%
Fire EmblemFire Emblem05-19-2017Alm
27%
Animal CrossingAnimal Crossing12-17-2015Blathers
27%
Animal CrossingAnimal Crossing11-20-2015Digby
27%
Animal CrossingAnimal Crossing11-20-2015Mabel
27%
Super MarioSuper Mario03-20-2015Mario - Gold Edition
27%
Super MarioSuper Mario05-29-2015Mario - Silver Edition
27%
Yoshi's Wooly WorldYoshi11-27-2015Mega Yarn Yoshi
27%
Other SeriesBOXBOY02-03-2015Qbby
27%
Animal CrossingAnimal Crossing03-18-2016Rover
27%
Pokkén TournamentPokemon03-18-2016Shadow Mewtwo
27%
Yoshi's Wooly WorldYoshi02-03-2017Yarn Poochy
27%
Other SeriesPokemon3-23-2018Detective Pikachu
23%
Animal CrossingAnimal Crossing12-17-2015Kicks
23%
Animal CrossingAnimal Crossing03-18-2016Kapp'n
18%
Animal CrossingAnimal Crossing11-20-2015Lottie
18%
Fire EmblemFire EmblemUnknownTiki
18%
Super Mario Bros. 30 AnniversarySuper Mario09-10-20158-Bit Mario (Classic Color)
14%
Super Mario Bros. 30 AnniversarySuper Mario09-10-20158-Bit Mario (Modern Color)
14%
SplatoonSplatoon07-08-2016Inkling Boy (Purple)
14%
SplatoonSplatoon07-08-2016Inkling Girl (Green)
14%
SplatoonSplatoon07-08-2016Inkling Squid (Orange)
14%
The Legend Of Zelda. 30 AnniversaryThe Legend Of Zelda06-23-2017Link (Majora's Mask)
14%
The Legend Of Zelda. 30 AnniversaryThe Legend Of Zelda06-23-2017Link (Skyward Sword)
14%
The Legend Of Zelda. 30 AnniversaryThe Legend Of Zelda06-23-2017Link (Twilight Princess)
14%
Other SeriesDiablo IIIUnknownLoot Goblin
14%
Other SeriesDark Souls10-19-2018Solaire of Astora
14%
Animal CrossingAnimal Crossing03-18-2016Timmy & Tommy Nook
14%
Fire EmblemFire Emblem05-19-2017Ceica
0%
Other SeriesSuper Mario Galaxy12-11-2017Delicious Amiibo
0%

Score Distribution

Percentile by Number Answered

Percent of People with Each Score

Your Score History

You have not taken this quiz